[Event "EU-Cup Online Gr-D"]
[Site "Tornelo INT"]
[Date "2021.03.27"]
[Round "3.2"]
[White "Howell, David"]
[Black "Parligras, Mircea Emilian"]
[Result "1-0"]
[WhiteElo "2658"]
[BlackElo "2591"]
[PlyCount "107"]
[EventDate "2021.03.27"]
[EventType "team-tourn (rapid)"]
[EventRounds "9"]
[EventCountry "NET"]
[SourceTitle "CBM 201 Extra"]
[Source "ChessBase"]
[SourceDate "2021.05.30"]
[SourceVersion "1"]
[SourceVersionDate "2021.05.30"]
[SourceQuality "1"]
[WhiteTeam "Guildford 4NCL"]
[BlackTeam "Bucharest CSU ASE"]
[WhiteTeamCountry "ENG"]
[BlackTeamCountry "ROU"]

1. Nf3 d5 2. g3 Bg4 3. Bg2 e6 4. O-O Nf6 5. h3 Bxf3 6. Bxf3 c5 ({RR} 6... Nbd7 7. d3 Bc5 8. Nd2 O-O 9. Bg2 a5 10. c4 c6 11. e3 a4 12. d4 Bd6 13. Qc2 Re8 14. Rd1 Qc7 15. Rb1 b5 16. cxb5 cxb5 17. Qxc7 Bxc7 18. e4 dxe4 19. Nxe4 Rab8 20. Nc3 Rec8 21. Bf1 {Kramnik,V (2812)-So,W (2770) Leuven 2016 1-0 (38)}) 7. d3 Nc6 8. Nd2 Be7 $146 ({RR} 8... g6 9. e4 Bg7 10. exd5 Nxd5 11. Ne4 b6 12. Bg5 f6 13. Bd2 O-O 14. Re1 Qd7 15. Bg2 Rfe8 16. Rb1 Rad8 17. a3 a5 18. h4 h6 19. c4 Nde7 20. Bxh6 Qxd3 21. Qa4 Qd7 22. Bf4 Nd4 23. Qxd7 {Yu,Y (2751)-Wang,H (2709) Huaian 2017 ½-½ (52)}) 9. Bg2 O-O 10. e4 dxe4 11. dxe4 Qd7 12. f4 Rfd8 13. c3 b5 14. Qe2 c4 15. e5 Nd5 16. Ne4 a6 17. Bd2 Qc7 18. Kh2 Rd7 19. b3 cxb3 20. axb3 Rdd8 21. Ra2 Qb6 22. Rfa1 a5 23. Be1 Rdb8 24. Bf2 Qc7 25. Qd2 h6 26. h4 Rd8 27. Qe1 Rdb8 28. h5 Rd8 29. Bf3 Rdb8 30. Kg2 Rd8 31. Qc1 Rdb8 32. Rd2 a4 33. bxa4 Rxa4 34. Rb1 Rc4 35. Rc2 b4 36. cxb4 Rxc2 37. Qxc2 Ncxb4 38. Qxc7 Nxc7 39. Nd6 Nba6 40. Ra1 Rb2 41. Kf1 Rb8 42. Be1 Kf8 43. Be2 Nb4 44. Bxb4 Rxb4 45. Ra7 Rb1+ 46. Kg2 Rc1 47. Rb7 g5 48. hxg6 fxg6 49. Rb8+ Kg7 50. Rc8 Rc2 51. Kf1 Rc1+ 52. Kf2 Kh7 53. Bd3 Rd1 54. Rxc7 1-0

[Event "FIDE World Uni Team Blitz"]
[Site "chess24.com INT"]
[Date "2021.03.27"]
[Round "1"]
[White "Oparin, Grigoriy"]
[Black "Martirosyan, Haik M"]
[Result "1-0"]
[WhiteElo "2652"]
[BlackElo "2622"]
[PlyCount "75"]
[EventDate "2021.03.27"]
[EventType "team-k.o. (blitz)"]
[EventRounds "9"]
[EventCountry "NET"]
[SourceTitle "CBM 201 Extra"]
[Source "ChessBase"]
[SourceDate "2021.05.30"]
[SourceVersion "1"]
[SourceVersionDate "2021.05.30"]
[SourceQuality "1"]
[WhiteTeam "Univ of Missouri"]
[BlackTeam "Armenian Institute of Physical Culture"]
[WhiteTeamCountry "USA"]
[BlackTeamCountry "ARM"]

1. Nf3 Nf6 2. g3 d5 3. Bg2 c6 4. O-O Bg4 5. h3 Bxf3 6. Bxf3 Nbd7 7. d3 e6 8. Bg2 Be7 9. e4 O-O 10. Qe2 a5 11. a4 dxe4 $146 ({RR} 11... Qc7 12. Kh1 Rfe8 13. f4 e5 14. f5 dxe4 15. dxe4 Nf8 16. Nd2 Rad8 17. g4 N6d7 18. Nf3 Nb6 19. g5 g6 20. Nh2 Bc5 21. Ng4 Nfd7 22. fxg6 fxg6 23. Nh6+ Kg7 24. Rf7+ Kh8 25. Bd2 Nc8 26. Raf1 {Kushko,D (2445)-Ohler,J (2223) chess.com INT 2024 ½-½ (132)}) ({RR} 11... Qb6 12. Nc3 Rad8 13. e5 Ne8 14. Kh1 Nc7 15. f4 f5 16. Qd1 Kh8 17. d4 c5 18. Ne2 cxd4 19. Nxd4 Nc5 20. c3 Ne4 21. Kh2 Bc5 22. Qd3 Bxd4 23. Qxd4 Qxd4 24. cxd4 Na6 25. Be3 Nb4 26. Rac1 {Narayanan,S (2575)-Martirosyan,H (2607) Chess.com INT 2019 ½-½ (55)}) 12. dxe4 e5 13. Nd2 Qc7 14. Nc4 Nb6 15. Ne3 Rfe8 16. Nf5 Bf8 17. h4 h5 18. Bg5 Nbd7 19. Qc4 Qb6 20. c3 Qc5 21. Qa2 b5 22. Rad1 g6 23. Nh6+ Bxh6 24. Bxh6 Rab8 25. Be3 Qc4 26. b3 Qxc3 27. Rc1 Qb4 28. Rxc6 Nxe4 29. axb5 Rxb5 30. Rc4 Qxb3 31. Qxb3 Rxb3 32. Rxe4 Ra3 33. Rc4 Nf6 34. Rc7 a4 35. Rfc1 Re6 36. Ra7 Ra2 37. Bf1 Rd6 38. Bc4 1-0

[Event "FIDE World Uni Team Rapid"]
[Site "chess24.com INT"]
[Date "2021.03.28"]
[Round "1"]
[White "Theodorou, Nikolas"]
[Black "Fedoseev, Vladimir1"]
[Result "1-0"]
[WhiteElo "2554"]
[BlackElo "2687"]
[PlyCount "106"]
[EventDate "2021.03.28"]
[EventType "team-k.o. (rapid)"]
[EventRounds "4"]
[EventCountry "NET"]
[SourceTitle "CBM 201 Extra"]
[Source "ChessBase"]
[SourceDate "2021.05.30"]
[SourceVersion "1"]
[SourceVersionDate "2021.05.30"]
[SourceQuality "1"]
[WhiteTeam "Saint Louis Univ"]
[BlackTeam "Univ of Texas Rio Grande Valley"]
[WhiteTeamCountry "USA"]
[BlackTeamCountry "USA"]

1. Nf3 d5 2. g3 c6 3. Bg2 Nf6 4. O-O Bf5 5. d3 e6 6. Nh4 Bg4 7. h3 Bh5 8. f4 Nfd7 9. Qe1 Be7 10. Nf3 Bxf3 ({RR} 10... f5 11. e4 Bxf3 12. Bxf3 O-O 13. Nc3 fxe4 14. dxe4 d4 15. Nd1 e5 16. Nf2 c5 17. Qe2 Nc6 18. Bg4 Kh8 19. Be6 exf4 20. gxf4 g5 21. Ng4 gxf4 22. Bxf4 Qe8 23. e5 Bh4 24. Bc4 Qg6 25. Kh1 {Kramnik,V (2808)-Adhiban,B (2671) Baku 2016 1-0 (46)}) ({RR} 10... O-O 11. Nbd2 f5 12. e4 dxe4 13. dxe4 Nc5 14. Kh2 Nba6 15. a3 Nc7 16. b4 Na4 17. Nb3 fxe4 18. Ne5 Bf6 19. Qxe4 Nd5 20. Bd2 Qc7 21. Rae1 Rae8 22. c4 Ndb6 23. Na5 Nd7 24. Qc2 Nab6 25. Ng4 {Khotenashvili,B (2420)-Gaponenko,I (2346) Monaco MNC 2025 1-0 (58)}) 11. Bxf3 h5 12. e4 $146 ({RR} 12. Bg2 Na6 13. Nd2 g5 14. fxg5 Bxg5 15. Qf2 Qb6 16. d4 Bf6 17. Nf3 O-O-O 18. a4 Nb4 19. a5 Qb5 20. Ne1 Na6 21. Nd3 Rdg8 22. Ra3 Rh7 23. Bf4 Nb4 24. Ne5 Nxc2 25. Rf3 Qa4 26. a6 Bxe5 {Ganguly,S (2621)-Xu,Y (2531) Tianjin 2018 1-0 (33)}) 12... dxe4 13. Bxe4 Nf6 14. Bf3 Nbd7 15. Nd2 Nd5 16. Nc4 Qc7 17. f5 exf5 18. Bxd5 cxd5 19. Ne3 O-O-O 20. Nxf5 Bc5+ 21. d4 Rhe8 22. Qd1 g6 23. Bf4 Qc6 24. Nh6 g5 25. Bxg5 Qg6 26. Nxf7 Be7 27. Qd3 Qxd3 28. cxd3 Bxg5 29. Nxg5 Re2 30. Rac1+ Kb8 31. Rf2 Rde8 32. Rc2 Rxc2 33. Rxc2 Re3 34. Kf2 Rxd3 35. Nf3 Rd1 36. g4 hxg4 37. hxg4 a6 38. g5 Rh1 39. Kg3 Rh8 40. Kg4 Rg8 41. Ne5 Nf6+ 42. Kf5 Ne4 43. g6 Rf8+ 44. Ke6 Re8+ 45. Kxd5 Nf6+ 46. Kc4 b5+ 47. Kd3 Nd5 48. Rf2 Kc7 49. g7 Rg8 50. Rf7+ Kd6 51. Ng4 Ke6 52. Nh6 Nb4+ 53. Ke4 Nd5 1-0

[Event "FIDE World Uni Team Rapid"]
[Site "chess24.com INT"]
[Date "2021.03.28"]
[Round "1"]
[White "Oparin, Grigoriy"]
[Black "Bai, Jinshi"]
[Result "1-0"]
[WhiteElo "2652"]
[BlackElo "2618"]
[PlyCount "115"]
[EventDate "2021.03.28"]
[EventType "team-k.o. (rapid)"]
[EventRounds "4"]
[EventCountry "NET"]
[SourceTitle "CBM 201 Extra"]
[Source "ChessBase"]
[SourceDate "2021.05.30"]
[SourceVersion "1"]
[SourceVersionDate "2021.05.30"]
[SourceQuality "1"]
[WhiteTeam "Univ of Missouri"]
[BlackTeam "Shanghai Univ of Finance and Economy"]
[WhiteTeamCountry "USA"]
[BlackTeamCountry "CHN"]

1. Nf3 d5 2. g3 g6 3. Bg2 Bg7 4. O-O Nf6 5. c4 c5 ({RR} 5... d4 6. b4 d3 7. Bb2 dxe2 8. Qxe2 O-O 9. d4 c6 10. Nc3 Bg4 11. h3 Bxf3 12. Bxf3 e6 13. Rfd1 Nbd7 14. a4 Re8 15. Bg2 Qc7 16. Rac1 Rad8 17. Qc2 Bh6 18. Rb1 a6 19. Qb3 e5 20. d5 {Carlsen,M (2859)-Vachier Lagrave,M (2736) chess.com INT 2022 ½-½ (45)}) ({RR} 5... d4 6. d3 O-O 7. b4 c5 8. b5 a6 9. a4 axb5 10. cxb5 Nd5 11. Bd2 b6 12. Na3 Bb7 13. Nc4 Nc3 14. Bxc3 dxc3 15. Qc2 Nd7 16. Rfd1 Qc7 17. Ra3 Ra7 18. Ng5 Bxg2 19. Kxg2 Rfa8 20. Ne4 {Oparin,G (2652)-Drygalov,S (2490) Chess.com INT 2021 1-0 (38)}) 6. Qa4+ ({RR} 6. cxd5 Nxd5 7. Nc3 Nc7 8. b3 Nc6 9. Bb2 O-O 10. Rc1 Rb8 11. d3 b6 12. Qd2 Bb7 13. Rfd1 Nd4 14. Nxd4 Bxg2 15. Kxg2 cxd4 16. Ne4 Nd5 17. Rc4 e5 18. Rdc1 f5 19. Ng5 Qe7 20. Rc6 h6 {Kostiukov,A (2271)-Desideri,R (1962) chess.com INT 2024 0-1 (35)}) 6... Nbd7 $146 ({RR} 6... Nc6 7. Ne5 Qd6 8. cxd5 Nxd5 9. Nc4 Qe6 10. Nc3 Nxc3 11. dxc3 O-O 12. Nb6 axb6 13. Qxa8 Qxe2 14. Qa4 Be6 15. Qd1 Qc4 16. Bf4 b5 17. Re1 b4 18. Bf1 Qd5 19. Qxd5 Bxd5 20. Rad1 Bxa2 21. cxb4 {Speelman,J (2604)-Ribli,Z (2569) Germany 2000 ½-½}) 7. cxd5 Nxd5 8. Nc3 N5b6 9. Qh4 O-O 10. d4 cxd4 11. Nxd4 e5 12. Qxd8 Rxd8 13. Ndb5 Nf6 14. Bg5 h6 15. Bxf6 Bxf6 16. Rfd1 a6 17. Rxd8+ Bxd8 18. Nd6 Rb8 19. Rd1 Be6 20. Nxb7 Be7 21. Na5 Rc8 22. Nc6 Bf6 23. Ne4 Kg7 24. Nd6 Rf8 25. b3 Kh7 26. Ne4 Bg7 27. Nc5 Bc8 28. Ne7 Bg4 29. Kf1 Re8 30. Nc6 Bc8 31. Na7 a5 32. Nc6 a4 33. bxa4 Nc4 34. Rc1 Nd6 35. a5 Nb7 36. Bd5 Nxc5 37. Rxc5 Bf8 38. Rc2 Kg7 39. f3 Ba6 40. Bc4 Bb7 41. Bb5 Ra8 42. a4 Bxc6 43. Rxc6 Rxa5 44. Rc7 Bd6 45. Rd7 Bc5 46. Rd5 Bd4 47. Ke1 Kf6 48. Kd2 Bg1 49. h3 Bf2 50. g4 Ra7 51. e3 h5 52. Ke2 Bh4 53. gxh5 gxh5 54. f4 Re7 55. Kf3 Be1 56. Bd3 h4 57. a5 exf4 58. exf4 1-0

[Event "EU-Cup Online Final"]
[Site "Tornelo INT"]
[Date "2021.03.31"]
[Round "5.1"]
[White "Meier, Georg"]
[Black "Goryachkina, Aleksandra"]
[Result "1-0"]
[WhiteElo "2628"]
[BlackElo "2593"]
[PlyCount "61"]
[EventDate "2021.03.30"]
[EventType "team-tourn (rapid)"]
[EventRounds "9"]
[EventCountry "NET"]
[SourceTitle "CBM 201"]
[Source "ChessBase"]
[SourceDate "2021.04.30"]
[SourceVersion "1"]
[SourceVersionDate "2021.04.30"]
[SourceQuality "1"]
[WhiteTeam "Deizisau SF"]
[BlackTeam "Monte Carlo (W)"]
[WhiteTeamCountry "GER"]
[BlackTeamCountry "MNC"]

1. Nf3 d5 2. g3 c6 3. Bg2 Bg4 4. h3 Bxf3 5. Bxf3 e5 6. d3 Nf6 7. e4 ({RR} 7. Nd2 Nbd7 8. Bg2 Bc5 9. e4 O-O 10. O-O dxe4 11. dxe4 a5 12. a4 Qe7 13. Qe2 Rfd8 14. Nc4 Nf8 15. Bd2 Bb4 16. c3 Bc5 17. Rab1 N6d7 18. b4 axb4 19. cxb4 Bd4 20. a5 Ne6 21. b5 cxb5 {Harikrishna,P (2737)-Inarkiev,E (2660) Berlin 2015 1-0 (37)}) ({RR} 7. O-O a5 8. Nd2 Nbd7 9. e4 dxe4 10. dxe4 Bc5 11. a4 Qe7 12. Bg2 h5 13. Nb3 Bb6 14. Bg5 Nf8 15. Qf3 Ne6 16. Bxf6 Qxf6 17. Qxf6 gxf6 18. h4 {½-½ (18) Galperin,P (2495)-Vagman,R (2289) Rishon LeZion ISR 2025}) 7... Bc5 ({RR} 7... dxe4 8. dxe4 Qxd1+ 9. Kxd1 Bc5 10. Ke2 Nbd7 11. Nd2 a5 12. a4 Kd8 13. Nc4 Kc7 14. Rd1 Rhe8 15. Bd2 b6 16. b3 h5 17. h4 g6 18. Bg2 Nh7 19. Bc3 Nhf8 20. Rd3 Bb4 21. Bb2 Nc5 22. Rdd1 {Meier,G (2621)-Jakubowski,K (2481) Chess.com INT 2020 ½-½ (52)}) 8. O-O O-O 9. Nc3 h6 $146 ({RR} 9... dxe4 10. Nxe4 Nxe4 11. dxe4 Nd7 12. Kg2 Qc7 13. Qe2 b5 14. h4 Be7 15. h5 h6 16. Bg4 Rfe8 17. Bf5 Nf8 18. Be3 Bg5 19. Bxg5 hxg5 20. Qg4 Qe7 21. a4 g6 22. hxg6 fxg6 23. Bxg6 Nxg6 24. axb5 {Kushko,D (2349)-Konyves,A (2272) Budapest HUN 2023 0-1 (57)}) 10. h4 a5 11. Bg2 Na6 12. Bd2 Nc7 13. Qf3 Ne6 14. Rae1 Re8 15. Qd1 dxe4 16. Nxe4 Nxe4 17. Rxe4 Qf6 18. Qf3 Qxf3 19. Bxf3 f6 20. Kg2 Bd4 21. Rb1 Kf8 22. Bh5 Red8 23. Bg6 Bb6 24. f4 Nc5 25. Re2 Bc7 26. Rbe1 Ne6 27. c3 Nc5 28. d4 exd4 29. cxd4 Na4 30. Re7 Bd6 31. Rxb7 1-0

[Event "EU-Cup Online Final"]
[Site "Tornelo INT"]
[Date "2021.03.31"]
[Round "6.3"]
[White "Amin, Bassem"]
[Black "Timofeev, Artyom"]
[Result "1-0"]
[WhiteElo "2695"]
[BlackElo "2594"]
[PlyCount "85"]
[EventDate "2021.03.30"]
[EventType "team-tourn (rapid)"]
[EventRounds "9"]
[EventCountry "NET"]
[SourceTitle "CBM 201"]
[Source "ChessBase"]
[SourceDate "2021.04.30"]
[SourceVersion "1"]
[SourceVersionDate "2021.04.30"]
[SourceQuality "1"]
[WhiteTeam "Clichy Echecs 92"]
[BlackTeam "Kazan Ladya"]
[WhiteTeamCountry "FRA"]
[BlackTeamCountry "RUS"]

1. Nf3 Nf6 2. g3 g6 3. Bg2 Bg7 4. O-O O-O 5. d3 Nc6 6. e4 e5 7. Nc3 d6 8. h3 h6 9. Be3 Be6 10. d4 exd4 11. Nxd4 Nxd4 12. Bxd4 Qd7 ({RR} 12... c5 13. Be3 Rb8 14. a4 Re8 15. Qd2 Kh7 16. Rfd1 Bf8 17. Bf4 Qa5 18. Bxd6 Bxd6 19. Qxd6 Rbd8 20. Qf4 Nh5 21. Qe3 Qb4 22. b3 Rd4 23. Nb5 Rxd1+ 24. Rxd1 a6 25. Nc7 Re7 26. Nxe6 Rxe6 27. Rd7 {Hansen,E (2610)-Ozates,T (2290) chess.com INT 2024 1-0}) 13. Qf3 Ne8 $146 ({RR} 13... Nh7 14. Bxg7 Kxg7 15. h4 c6 16. Qd3 Rad8 17. Qd4+ Nf6 18. Qxa7 Bh3 19. Qd4 Rfe8 20. Rae1 g5 21. hxg5 hxg5 22. f3 Re5 23. Re2 c5 24. Qd3 Rh8 25. g4 Qe6 26. Bxh3 Rxh3 27. Rh2 Rxh2 28. Kxh2 {Karasev,V (2326)-Winiwarter,F (2139) Vienna 2015 ½-½ (43)}) 14. Bxg7 Nxg7 15. Kh2 Qe7 16. Rfe1 Qg5 17. Rad1 Rad8 18. e5 Qf5 19. exd6 Rxd6 20. Rxd6 cxd6 21. Qe3 d5 22. Qxa7 Qxc2 23. Re2 Qd3 24. Qe3 Qxe3 25. fxe3 Rd8 26. Rd2 Nf5 27. e4 Ne3 28. exd5 Bc8 29. Re2 Nc4 30. Ne4 Kg7 31. b3 Nb6 32. Nc5 Nd7 33. Nxd7 Bxd7 34. a4 b6 35. Re4 Bf5 36. Rc4 Rb8 37. Rb4 Rc8 38. g4 Bc2 39. Rxb6 Rc3 40. Rc6 Rxc6 41. dxc6 Bxb3 42. c7 Be6 43. Bb7 1-0

[Event "EU-Cup Online Final"]
[Site "Tornelo INT"]
[Date "2021.03.31"]
[Round "9.1"]
[White "Artemiev, Vladislav"]
[Black "Bluebaum, Matthias"]
[Result "1-0"]
[WhiteElo "2709"]
[BlackElo "2670"]
[PlyCount "145"]
[EventDate "2021.03.30"]
[EventType "team-tourn (rapid)"]
[EventRounds "9"]
[EventCountry "NET"]
[SourceTitle "CBM 201"]
[Source "ChessBase"]
[SourceDate "2021.04.30"]
[SourceVersion "1"]
[SourceVersionDate "2021.04.30"]
[SourceQuality "1"]
[WhiteTeam "Kazan Ladya"]
[BlackTeam "Deizisau SF"]
[WhiteTeamCountry "RUS"]
[BlackTeamCountry "GER"]

1. Nf3 d5 2. e3 c5 3. c4 d4 4. b4 Nf6 5. exd4 ({RR} 5. a3 Bg4 6. exd4 cxd4 7. h3 Bxf3 8. Qxf3 Qc7 9. d3 a5 10. b5 Nbd7 11. g3 Nc5 12. Bg2 Nfd7 13. O-O Ne5 14. Qf4 Rd8 15. Rd1 g6 16. a4 h5 17. b6 Qd6 18. Ba3 Bh6 19. Bxc5 Qxc5 {Gukesh,D (2783)-Ding Liren (2728) Singapore SIN 2024 1-0}) ({RR} 5. Bb2 dxe3 6. fxe3 cxb4 7. Be2 g6 8. O-O Bg7 9. d4 O-O 10. Nbd2 a5 11. a3 bxa3 12. Bxa3 b6 13. Rb1 Nbd7 14. Qc2 Ba6 15. Qa4 Re8 16. Rfd1 Ng4 17. Nf1 Qc7 18. Rb3 e5 19. h3 Ngf6 {Colas,J (2216)-Bluebaum,M (2642) Chess.com INT 2022 0-1 (87)}) 5... cxd4 6. Bb2 a5 $146 ({RR} 6... e5 7. Nxe5 Bxb4 8. Qa4+ Nfd7 9. Nxd7 Qe7+ 10. Ne5+ Bd7 11. Qd1 Qxe5+ 12. Qe2 Qxe2+ 13. Bxe2 Nc6 14. O-O O-O 15. Na3 Bf5 16. Bf3 Rad8 17. Nb5 Bc5 18. Ba3 Bxa3 19. Nxa3 Rd7 20. Rfe1 h6 21. g4 {Obolenskikh,D (2544)-Mkrtchian,L (2388) Chess.com INT 2020 ½-½ (69)}) ({RR} 6... Bg4 7. Qa4+ Nbd7 8. Nxd4 e5 9. Nc2 a5 10. Bxe5 axb4 11. Bxf6 Be7 12. Qxb4 Nxf6 13. c5 O-O 14. Nc3 Re8 15. Ne3 Rc8 16. Bb5 Bxc5 17. Qb2 Re6 18. O-O Rd6 19. d3 Bxe3 20. fxe3 Qb6 21. Rac1 {Cifka,S (2406)-Haba,P (2425) Czech Republic CZE 2025 0-1 (41)}) 7. a3 e5 8. Nxe5 axb4 9. axb4 Rxa1 10. Bxa1 Bxb4 11. Qa4+ Nfd7 12. Bxd4 Qe7 13. Be2 O-O 14. Nd3 Nc6 15. Be3 Nc5 16. Nxc5 Bxc5 17. O-O Nd4 18. Nc3 Bd7 19. Qd1 Bc6 20. Re1 Qd6 21. Bf1 Rd8 22. Qh5 b6 23. Bg5 Ra8 24. Be7 Qg6 25. Qxg6 hxg6 26. Bxc5 bxc5 27. Re5 Nb3 28. h4 Ra1 29. Re2 Nd4 30. Re3 Nb3 31. Rd3 Nd4 32. f3 Bd7 33. Kf2 Be6 34. Re3 Rc1 35. Re1 Rc2 36. Rd1 Nb3 37. Ne4 Kf8 38. Bd3 Rb2 39. Ke3 Ke7 40. Nc3 Kd6 41. Nb5+ Ke7 42. Nc7 Kd6 43. Nxe6 Kxe6 44. Be4 f5 45. Bd5+ Kf6 46. f4 Nd4 47. Kf2 Ke7 48. Ke3 Kf6 49. Rc1 Nc2+ 50. Kd3 Nd4 51. Rc3 Ra2 52. Ke3 Nc2+ 53. Kf2 Nd4 54. Rd3 Ke7 55. Kg3 Kf6 56. Re3 Rxd2 57. Kh3 Rf2 58. g3 Re2 59. Ra3 Rf2 60. Ra6+ Ke7 61. Ra7+ Kf8 62. Rf7+ Ke8 63. Rxg7 Ne2 64. h5 gxh5 65. Rh7 Nd4 66. Rxh5 Ke7 67. Rh7+ Kf6 68. Rh6+ Kg7 69. Rb6 Ra2 70. Kh4 Ra3 71. Rb7+ Kf6 72. Kh5 Ne6 73. Rb6 1-0

[Event "Titled Tuesday intern op 30th Mar"]
[Site "Chess.com INT"]
[Date "2021.03.30"]
[Round "10"]
[White "Anton Guijarro, David"]
[Black "Studer, Noel"]
[Result "1-0"]
[WhiteElo "2673"]
[BlackElo "2579"]
[PlyCount "115"]
[EventDate "2021.03.30"]
[EventType "swiss (blitz)"]
[EventRounds "11"]
[EventCountry "USA"]
[SourceTitle "CBM 201 Extra"]
[Source "ChessBase"]
[SourceDate "2021.05.30"]
[SourceVersion "1"]
[SourceVersionDate "2021.05.30"]
[SourceQuality "1"]

1. Nf3 d5 2. b3 Bf5 3. Bb2 e6 4. e3 Nf6 5. h3 h6 6. Bd3 ({RR} 6. d3 a5 7. a3 Nbd7 8. Nbd2 Bh7 9. g3 Bd6 10. Bg2 O-O 11. O-O c6 12. Qe2 Qe7 13. e4 dxe4 14. dxe4 e5 15. Nh4 Rfd8 16. Nf5 Bxf5 17. exf5 Re8 18. Rfe1 Bc7 19. Rad1 Rad8 20. h4 Qc5 {Artemiev,V (2708)-Giri,A (2764) Chess.com INT 2020 ½-½}) ({RR} 6. g3 Nbd7 7. Bg2 c6 8. O-O Bd6 9. d3 Bh7 10. Nbd2 O-O 11. Qe2 a5 12. a4 e5 13. e4 Re8 14. Nh2 Bb4 15. Rad1 Qc7 16. Bf3 Bxd2 17. Rxd2 dxe4 18. Bxe4 Bxe4 19. dxe4 Nc5 20. f3 b5 {Waldhausen Gordon,F (2381)-Woodward,A (2544) chess.com INT 2025 0-1 (43)}) 6... Be4 $146 ({RR} 6... Bxd3 7. cxd3 Nbd7 8. O-O Be7 9. Nc3 O-O 10. e4 dxe4 11. dxe4 c6 12. d4 Rc8 13. Qe2 Bb4 14. Rfd1 Bxc3 15. Bxc3 Qb6 16. Rac1 a6 17. Bb2 Rfe8 18. Nd2 Qc7 19. e5 Nd5 20. Ne4 Ra8 21. Nd6 {Kocakaplan,E (1858)-Karakilinc,A (1160) Konya 2019 1-0 (46)}) 7. O-O Nbd7 8. Nc3 Bd6 9. Bxe4 dxe4 10. Nd4 a6 11. d3 exd3 12. cxd3 O-O 13. Qe2 Re8 14. Rfd1 e5 15. Nf5 Bf8 16. Rac1 c5 17. Ne4 Re6 18. Qf3 g6 19. Nfg3 Nxe4 20. Nxe4 Qb6 21. d4 cxd4 22. exd4 f5 23. Nc5 Nxc5 24. dxc5 Bxc5 25. Rd7 Bf8 26. Rxb7 Qd8 27. Rcc7 Rc8 28. Rd7 Qe8 29. Qd5 Rc5 30. Qd2 Rcc6 31. Bc3 Red6 32. Rxd6 Rxd6 33. Qe2 Rd7 34. Rxd7 Qxd7 35. Qxe5 Qd1+ 36. Qe1 Qc2 37. Qd2 Qxd2 38. Bxd2 Kf7 39. Kf1 h5 40. Ke2 Ke6 41. Kd3 Kd5 42. f3 Bd6 43. b4 Be7 44. a4 Bd6 45. Be1 Be7 46. Kc3 Bf6+ 47. Kb3 Be7 48. Bf2 Kc6 49. Kc4 Kd7 50. b5 axb5+ 51. axb5 Ke6 52. b6 Bd6 53. b7 Bb8 54. Kc5 Kd7 55. Kd5 g5 56. Bb6 h4 57. Bd4 Ke7 58. Be5 1-0

[Event "USA-chT College final"]
[Site "ICC INT"]
[Date "2021.04.03"]
[Round "1"]
[White "Theodorou, Nikolas"]
[Black "Quesada Perez, Yuniesky"]
[Result "1-0"]
[WhiteElo "2554"]
[BlackElo "2593"]
[PlyCount "81"]
[EventDate "2021.04.03"]
[EventType "team-tourn (rapid)"]
[EventRounds "6"]
[EventCountry "USA"]
[SourceTitle "CBM 201 Extra"]
[Source "ChessBase"]
[SourceDate "2021.05.30"]
[SourceVersion "1"]
[SourceVersionDate "2021.05.30"]
[SourceQuality "1"]
[WhiteTeam "St Louis Univ"]
[BlackTeam "Webster Univ"]
[WhiteTeamCountry "USA"]
[BlackTeamCountry "USA"]

1. Nf3 d5 2. g3 c6 3. Bg2 Nf6 4. O-O Bf5 5. Nh4 Be4 6. f3 Bg6 7. f4 e6 8. d3 Be7 9. Qe1 Na6 $146 ({RR} 9... Qb6+ 10. e3 Nbd7 11. Kh1 Ng4 12. h3 Bxh4 13. hxg4 Bf6 14. Nd2 h6 15. a4 Qc5 16. e4 Qxc2 17. f5 O-O-O 18. fxg6 fxg6 19. Ra3 h5 20. g5 Bxg5 21. Nf3 Bxc1 22. Qxc1 Qxc1 23. Rxc1 dxe4 24. dxe4 {Shahil,D (2374)-Advaitt Srikant Koduri (2105) Chennai IND 2025 1-0 (69)}) 10. a3 Nc5 11. h3 a5 12. Kh2 Nfd7 13. Nd2 Bxh4 14. gxh4 Nf6 15. Nf3 Qc7 16. b3 Ncd7 17. e3 e5 18. Bb2 e4 19. Ne5 exd3 20. cxd3 O-O 21. Bf3 Nxe5 22. Bxe5 Qe7 23. Qc3 Ne8 24. h5 Bf5 25. Rg1 f6 26. Bd4 Nd6 27. Bc5 Qc7 28. a4 Rf7 29. Ra2 h6 30. Rag2 Kh7 31. Ba3 Re8 32. Qd4 b6 33. e4 c5 34. Rxg7+ Rxg7 35. Qxf6 Rxg1 36. Kxg1 Re6 37. Qf8 dxe4 38. dxe4 Bxe4 39. Bb2 Re8 40. Bxe4+ Nxe4 41. Qxe8 1-0

[Event "Chess.com SIG Bullet KO"]
[Site "Chess.com INT"]
[Date "2021.04.06"]
[Round "1.13"]
[White "Nakamura, Hikaru"]
[Black "Erigaisi, Arjun Kumar"]
[Result "1-0"]
[WhiteElo "2736"]
[BlackElo "2567"]
[PlyCount "137"]
[EventDate "2021.04.06"]
[EventType "k.o. (blitz)"]
[EventRounds "3"]
[EventCountry "USA"]
[SourceTitle "CBM 201 Extra"]
[Source "ChessBase"]
[SourceDate "2021.05.30"]
[SourceVersion "1"]
[SourceVersionDate "2021.05.30"]
[SourceQuality "1"]

1. b3 d5 2. Bb2 c6 3. Nf3 Nf6 4. e3 Bf5 5. d4 e6 6. Bd3 h6 7. c4 Bd6 8. Qc2 Bxd3 9. Qxd3 O-O 10. Nbd2 Nbd7 11. O-O Qa5 12. a3 Rad8 13. e4 dxe4 14. Nxe4 Nxe4 15. Qxe4 Qf5 16. Qe2 Rfe8 17. Rfe1 Nf6 18. Rad1 Bc7 $146 ({RR} 18... b6 19. Rd3 Rd7 20. g3 Red8 21. Re3 c5 22. Rd1 Bf8 23. Ne5 Rd6 24. Red3 cxd4 25. Bxd4 Qe4 26. Qxe4 Nxe4 27. Bb2 Rxd3 28. Rxd3 Rxd3 29. Nxd3 Nc5 30. Nxc5 bxc5 31. f3 f6 32. h4 Kf7 33. h5 {Nakamura,H (2736)-Erigaisi,A (2567) Chess.com INT 2021 1-0 (46)}) 19. Rd3 Ba5 20. Red1 Bc7 21. g3 b6 22. b4 c5 23. dxc5 bxc5 24. b5 Rxd3 25. Rxd3 Rd8 26. Rxd8+ Bxd8 27. Kg2 Qe4 28. Qxe4 Nxe4 29. a4 Nd6 30. Ne5 Bb6 31. Bc3 f6 32. Nc6 Nxc4 33. a5 Bc7 34. Kf3 Kf7 35. Ke2 Ke8 36. Kd3 Nd6 37. Nxa7 Bb8 38. Nc6 Bc7 39. b6 Kd7 40. Na7 Bb8 41. Bd2 e5 42. Be3 c4+ 43. Kc3 f5 44. Kb4 g5 45. Bc5 Ne4 46. Nb5 f4 47. Kxc4 Kc6 48. Bb4 Nxf2 49. Bc5 Ne4 50. Bg1 f3 51. a6 f2 52. Bxf2 Nxf2 53. a7 Bxa7 54. bxa7 Kb7 55. Kd5 e4 56. Kd4 Ng4 57. h3 Nh2 58. Nd6+ Kxa7 59. Nxe4 Nf1 60. Kd3 Kb6 61. Ke2 Nxg3+ 62. Nxg3 Kc5 63. Kf3 Kd5 64. Kg4 Ke6 65. Nf5 Ke5 66. Nxh6 Kf6 67. Nf5 Kg6 68. Ng3 Kf6 69. Ne4+ 1-0